000 00536nam a2200193Ia 4500
999 _c7936
_d7936
003 OSt
005 20200113155320.0
008 190216s9999||||xx |||||||||||||| ||und||
020 _a9788126543021
040 _coclc
082 _a155.9042
_bELK/S
100 1 _aElkin, Allen
_91161
245 0 _aStress Management For Dummies /
_cAllen Elkin
250 _a2nd ed.
260 _bWiley India,
_c2013.
_aNew Delhi :
300 _a362p
650 _xPsychology
942 _cBK
_2ddc
_h155.9042
_iELK/S
_k155.9042
_mELK/S